000 00657pam a2200229 a 4500
001 3856463
005 20180228034421.0
008 880728s1989 ilua b 001 0 eng
010 _a 88025180
020 _a0880113383
040 _aDLC
_cDLC
_dDLC
041 _aeng
080 _a613.71 ROB
082 0 0 _a613.71 ROB
_219
100 1 _a8
101 _aEKZ
245 1 0 _aSerious training for serious athletes /
_cRob Sleamaker.
504 _aBibliography: p. 239.
906 _a7
_bcbc
_corignew
_d1
_eocip
_f19
_gy-gencatlg
942 _2ddc
_cBK
999 _c43678
_d43678